书目信息 |
| 题名: |
新编肉鸡饲料配方600例
|
|
| 作者: | 杨维仁 主编 | |
| 分册: | ||
| 出版信息: | 北京 化学工业出版社 2017.01 |
|
| 页数: | 343页 | |
| 开本: | 21cm | |
| 丛书名: | 新编畜禽饲料配方600例丛书 | |
| 单 册: | ||
| 中图分类: | S831.5 | |
| 科图分类: | ||
| 主题词: | 肉鸡--饲料--配方 | |
| 电子资源: | ||
| ISBN: | 978-7-122-28681-9 | |
| 000 | 01043oam2 2200265 450 | |
| 001 | 3861 | |
| 005 | 20181009100234.59 | |
| 010 | @a978-7-122-28681-9@dCNY38.00 | |
| 100 | @a20170328d2017 em y0chiy50 ea | |
| 101 | 0 | @achi |
| 102 | @aCN@b110000 | |
| 105 | @ay z 000yy | |
| 200 | 1 | @a新编肉鸡饲料配方600例@9xin bian rou ji si liao pei fang 600 li@f杨维仁主编 |
| 205 | @a2版 | |
| 210 | @a北京@c化学工业出版社@d2017.01 | |
| 215 | @a343页@d21cm | |
| 225 | 2 | @a新编畜禽饲料配方600例丛书 |
| 307 | @a实际页数为:344 | |
| 330 | @a本书从实际、实用、实效角度出发,介绍了肉鸡的品种、肉鸡的营养需要及饲料原料的营养价值、肉鸡的饲料配合技术、引进肉鸡品种饲料配方及实例、国产肉鸡品种及杂交鸡饲料配方实例。全书共列举实用配方600余例,科学性与实用性兼备,技术先进,可操作性强,对于发展饲养肉鸡业、帮助从业人员致富具有较大的指导作用。 | |
| 461 | 0 | @12001 @a新编畜禽饲料配方600例丛书 |
| 606 | 0 | @a肉鸡@x饲料@x配方 |
| 690 | @aS831.5@v4 | |
| 701 | 0 | @a杨维仁@9yang wei ren@4主编 |
| 801 | 0 | @aCN@b91MARC@c20170328 |
| 905 | @aMuseLib@dS831.5@e158=2 | |
| 新编肉鸡饲料配方600例/杨维仁主编.-2版.-北京:化学工业出版社,2017.01 |
| 343页;21cm.-(新编畜禽饲料配方600例丛书) |
| ISBN 978-7-122-28681-9:CNY38.00 |
| 本书从实际、实用、实效角度出发,介绍了肉鸡的品种、肉鸡的营养需要及饲料原料的营养价值、肉鸡的饲料配合技术、引进肉鸡品种饲料配方及实例、国产肉鸡品种及杂交鸡饲料配方实例。全书共列举实用配方600余例,科学性与实用性兼备,技术先进,可操作性强,对于发展饲养肉鸡业、帮助从业人员致富具有较大的指导作用。 |
| ● |
| 相关链接 |
|
|
|
|
正题名:新编肉鸡饲料配方600例
索取号:S831.5/158=2
 
预约/预借
| 序号 | 登录号 | 条形码 | 馆藏地/架位号 | 状态 | 备注 |
| 1 | 1123970 | 211239701 | 第二样本阅览室/ [索取号:S831.5/158=2] | 在馆 | |
| 2 | 1123971 | 211239710 | 第三借阅区/ [索取号:S831.5/158=2] | 在馆 | |
| 3 | 1123972 | 211239729 | 密集书库-生命科学系/ [索取号:S831.5/158=2] | 在馆 |